| 000 | 00867nam a22002897a 4500 | ||
|---|---|---|---|
| 003 | CHAP | ||
| 005 | 20220329133313.0 | ||
| 008 | 971013s1987 r 00010 d | ||
| 010 | _a4606 | ||
| 011 | _a5578 | ||
| 035 | _a4792 | ||
| 040 | _cCHAP | ||
| 090 | _aFolleto 13700 | ||
| 100 | 0 | 0 |
_aGonzález R., Gregorio. _949305 |
| 245 | _aAnálisis de los convenios de los Programas de Formaciónen la UACH, 1976-1986 | ||
| 260 |
_aChapingo, Méx. : _bUACH, _c[1987?] |
||
| 300 | _a13 h. | ||
| 500 | _a53-456 | ||
| 590 |
_aBATCH-UPD _b10 _c20130110 _lUCH01 _h1340 |
||
| 590 |
_aBATCH-UPD _b10 _c20130410 _lUCH01 _h0841 |
||
| 590 |
_aBATCH-UPD _b10 _c20130914 _lUCH01 _h1429 |
||
| 590 |
_aCONVERSION _b10 _c20130109 _lUCH01 _h1304 |
||
| 650 | 1 | 4 |
_aFormación de profesores. _942392 |
| 901 | _aBK | ||
| 942 | _cFOLL | ||
| 949 |
_aFolleto 13700 _bBC _cFOLL _d-14339 _eTS1 _i4792 _si |
||
| 999 |
_c4606 _d4606 |
||